<?xml version="1.0" encoding="UTF-8"?>
<record
    xmlns:xsi="http://www.w3.org/2001/XMLSchema-instance"
    xsi:schemaLocation="http://www.loc.gov/MARC21/slim http://www.loc.gov/standards/marcxml/schema/MARC21slim.xsd"
    xmlns="http://www.loc.gov/MARC21/slim">

  <leader>00610nam a22002057a 4500</leader>
  <controlfield tag="005">20260116104620.0</controlfield>
  <datafield tag="010" ind1=" " ind2=" ">
    <subfield code="a">ENG-147493</subfield>
  </datafield>
  <datafield tag="020" ind1=" " ind2=" ">
    <subfield code="a">9789364443180</subfield>
    <subfield code="c">890.00</subfield>
  </datafield>
  <datafield tag="035" ind1=" " ind2=" ">
    <subfield code="a">EN-131025</subfield>
  </datafield>
  <datafield tag="037" ind1=" " ind2=" ">
    <subfield code="b">DBAD</subfield>
  </datafield>
  <datafield tag="082" ind1=" " ind2=" ">
    <subfield code="2">2</subfield>
    <subfield code="a">000</subfield>
  </datafield>
  <datafield tag="100" ind1=" " ind2=" ">
    <subfield code="a">Sharma, Arun</subfield>
    <subfield code="9">86474</subfield>
  </datafield>
  <datafield tag="245" ind1=" " ind2=" ">
    <subfield code="a">MAH-MBA/MMS-CET 2026/</subfield>
    <subfield code="c">Arun Sharma [and] Meenakshi Upadhyay</subfield>
  </datafield>
  <datafield tag="250" ind1=" " ind2=" ">
    <subfield code="a">2</subfield>
  </datafield>
  <datafield tag="260" ind1=" " ind2=" ">
    <subfield code="a">Chennai</subfield>
    <subfield code="b">McGraw Hill</subfield>
    <subfield code="c">2025</subfield>
  </datafield>
  <datafield tag="270" ind1=" " ind2=" ">
    <subfield code="a">5/90 A, Butt Road, St. Thomas Mount</subfield>
    <subfield code="b">Chennai</subfield>
    <subfield code="e">600016</subfield>
  </datafield>
  <datafield tag="300" ind1=" " ind2=" ">
    <subfield code="a">vpp.</subfield>
    <subfield code="c">27cm(pb)</subfield>
    <subfield code="b">Index</subfield>
  </datafield>
  <datafield tag="700" ind1=" " ind2=" ">
    <subfield code="a">Upadhyay, Meenakshi</subfield>
    <subfield code="e">Author</subfield>
    <subfield code="9">86475</subfield>
  </datafield>
  <datafield tag="942" ind1=" " ind2=" ">
    <subfield code="2">ddc</subfield>
    <subfield code="c">EN</subfield>
    <subfield code="h">000</subfield>
    <subfield code="m">SHA</subfield>
    <subfield code="e">2</subfield>
  </datafield>
  <datafield tag="999" ind1=" " ind2=" ">
    <subfield code="c">214206</subfield>
    <subfield code="d">214206</subfield>
  </datafield>
  <datafield tag="952" ind1=" " ind2=" ">
    <subfield code="0">0</subfield>
    <subfield code="1">0</subfield>
    <subfield code="4">0</subfield>
    <subfield code="7">0</subfield>
    <subfield code="8">NFIC</subfield>
    <subfield code="a">JP</subfield>
    <subfield code="b">JP</subfield>
    <subfield code="d">2026-01-16</subfield>
    <subfield code="e">Delivery of Books Act Division</subfield>
    <subfield code="g">890.00</subfield>
    <subfield code="l">0</subfield>
    <subfield code="o">000 SHA</subfield>
    <subfield code="p">EN-131025</subfield>
    <subfield code="r">2026-01-16 00:00:00</subfield>
    <subfield code="t">1</subfield>
    <subfield code="v">890.00</subfield>
    <subfield code="w">2026-01-16</subfield>
    <subfield code="y">EN</subfield>
  </datafield>
</record>
